000 02381nam a22003495a 4500
005 20091210133514.0
008 091120t20092006paua j 001 0 eng
010 _aB-385568-576
020 _a9780440412994
_c163.00
035 _aB-385568-576
037 _bBlueberry Books
040 _adpl
_bEnglish
082 _aS
100 _aSharmat, Marjorie Weinman
245 _aNate the great and the crunchy christmas /
_cby Marjorie Weinman Sharmat [and] Craig Sharmat; illustrated by Marc Simont
260 _aNew York
_bYearling Books
_c2005
270 _bNew York
300 _a41, 32 p. :
_bcol. ill.
_c20cm(pbk)
700 _aSimont, Marc
710 _aMason Crest Publishers.
942 _2ddc
_cCH
_hS
_mSHA
999 _c32422
_d32422